000
00234nam a2200097Ia 4500
008
120527s9999 xx 000 0 und d
100
_a
I.C.U.D.I
245
_a
Hauptsadt.berlin capital berlin.
260
_b
Verlag Pergamon
942
_c
BK
999
_c
15001
_d
15001